00430cam a2200157u 45000010008000000030004000080050017000120080041000290100017000700400019000870500019001061000045001252450035001702600045002053000022002508146062OSt20120628110802.0830617s1964 enk 000 0 eng  aunk83016601  aDLCcCarPdDLC00aP105b.F5 19641 aFirth, J. R.q(John Rupert),d1890-1960.04aThe tongues of men, and Speech aLondon,bOxford University Press,c1964. ax, 211 p.c20 cm.